000 00302nam a22001337a 4500
008 170703b xxu||||| |||| 00| 0 eng d
020 _a9780024089755
041 _aeng
080 _a82
100 _a22
101 _aGJL
245 _aCONVERSATION READING S WRITING
_cSELZEN.J
942 _2udc
_cBK
999 _c19862
_d19862